| Поле | Инд. | ПП | Название | Значение |
|---|---|---|---|---|
| Тип записи | a | |||
| Библиографический уровень | m | |||
| 001 | Контрольный номер | e8968a36a89943efb1f4562c93bd2cba | ||
| 005 | Дата корректировки | 20191128164547.3 | ||
| 020 | a | ISBN | 978-5-90363-070-7 | |
| 040 | a | Служба первич. каталог. | 10013504 | |
| 041 | 0_ | a | Код языка текста | rus |
| 090 | a | Полочн. индекс | 629.78 | |
| x | Авторский знак | Г 127 | ||
| 245 | 10 | a | Заглавие | Т. 2 |
| 260 | c | Дата издания | 2016 | |
| 300 | a | Объем | 653 с. | |
| 504 | a | Библиография | Библиогр. в конце докл. | |
| 773 | 18 | a | Заголовок основной записи | Гагаринские чтения, междунар. молодежная науч. конф. |
| w | Контрольный № источника | f1892fd7092b46ba91562bd1197d4884 | ||
| t | Название источника | Гагаринские чтения - 2016 | ||
| d | Место и дата издания | М. : МАИ, 2016 | ||
| g | Прочая информация | Т. 2 | ||
| 856 | 40 | u | URL | https://gagarin.mai.ru/files/2016/Vol_2.pdf |
| 900 | a | Имя макрообъекта | Гагаринские чтения-2016 в 4-х т. Т.2 | |
| 901 | t | Тип документа | n | |
| 952 | a | Тип литературы для КСУ ВШ | КНР | |
| a | Тип литературы для КСУ ВШ | ЭНР | ||
| c | Вид литературы | монография |